Loading...
Engineering thermo dynamics
| Hovedforfatter: | |
|---|---|
| Format: | Printed Book |
| Udgivet: |
New Delhi
TMH
1999 reprint
|
| Udgivelse: | 2nd ed. |
| Fag: |
| LEADER | 00474cam a2200157ua 4500 | ||
|---|---|---|---|
| 020 | |a 0-07-460275-6 | ||
| 082 | |a 621.402 1 |b NAG/E | ||
| 100 | 0 | |a Nag, P.K | |
| 245 | 1 | 0 | |a Engineering thermo dynamics |
| 250 | |a 2nd ed. | ||
| 260 | |a New Delhi |b TMH |c 1999 reprint | ||
| 300 | |a xvi,684p. | ||
| 650 | 0 | |a Thermodynamics- Engineering | |
| 942 | |c BK | ||
| 999 | |c 2248 |d 2248 | ||
| 952 | |0 0 |1 0 |4 0 |6 621_402000000000000_1_NAGE |7 0 |9 2341 |a KUCL |b KUCL |d 2014-05-23 |l 0 |o 621.402 1 NAG/E |p 05374 |r 2014-05-23 |y BK | ||